000 00902nam a22002297a 4500
999 _c10757
_d10757
003 AR-CdUCM
008 190401b ||||| |||| 00| 0 spa d
040 _aMUNICIPALIDAD PROVINCIAL DEL CUSCO
_cBIBLIOTECA MUNICIPAL DEL CUSCO
082 _a572 /
_bIN53 / 1939
100 _aIngenieros, José,
_9579
245 _aLas doctrinas de Ameghino /
260 _aBuenos Aires :
_bL. J. Rosso,
_c1939
300 _a261 paginas ;
_c20 cm.
505 _aContenido : Una vida al servicio de un ideal -- La juventud de Ameghino -- Las doctrinas geológicas -- Evolucionismo y catastrofismo -- Las doctrinas paleontologicas -- Las doctrinas antropogeneticas...
650 _aHombre y su ascendencia
_927764
650 _aOrientación filosófica
_927765
650 _aVida y muerte
_927766
650 _aFauna fósil
_927767
650 _aEdad geológica
_927768
942 _2ddc
_cLIBROS
945 _awnts